Score 0/26 Timer 04:00
6 Plays Today
Vowel-less Title Full Title % Correct
Th Phntm f th prThe Phantom of the Opera
94.8%
Fddlr n th RfFiddler on the Roof
94.1%
RntRent
93.9%
Jss Chrst SprstrJesus Christ Superstar
93.7%
Ctch M f Y CnCatch Me If You Can
92.5%
Nxt t NrmlNext to Normal
92.5%
Chtt Chtt Bng BngChitty Chitty Bang Bang
92.2%
Bt nd th BstBeauty and the Beast
92%
Th Msc MnThe Music Man
90.2%
Th PrdcrsThe Producers
90.1%
Th Bk f MrmnThe Book of Mormon
87.8%
Th Clr PrplThe Color Purple
85.7%
Bg RvrBig River
85.5%
Vowel-less Title Full Title % Correct
Sprng wknngSpring Awakening
85.3%
Jkll nd HdJekyll and Hyde
83.2%
Th ddms FmlThe Addams Family
82.9%
Svn Brds Fr Svn BrthrsSeven Brides For Seven Brothers
81%
B B Brd!Bye Bye Birdie!
80.9%
klhm!Oklahoma!
75.4%
Thrghl Mdrn MllThoroughly Modern Millie
72.3%
Dmn YnksDamn Yankees
70.9%
Th Fll MntThe Full Monty
69.7%
nc pn MttrssOnce Upon a Mattress
67.6%
Prg nd BssPorgy and Bess
62.8%
ssssnsAssassins
62%
BrgdnBrigadoon
57.2%

You're not logged in!

Compare scores with friends on all Sporcle quizzes.
OR
Log In

Sporcle TV

Today on Sporcle TV


Watch our educational content, quiz creation guides, and fun videos on Sporcle TV.

Show Comments

Extras

Top Quizzes Today


Score Distribution

Paid Content

Your Account Isn't Verified!

In order to create a playlist on Sporcle, you need to verify the email address you used during registration. Go to your Sporcle Settings to finish the process.

Report this User

Report this user for behavior that violates our Community Guidelines.

Details: